Nhân tố Hoa Kỳ trong chính sách quốc phòng - an ninh của Việt Nam hiện nay (2001 - 2016) /
Tallennettuna:
| Päätekijä: | |
|---|---|
| Aineistotyyppi: | Artikkeli |
| Kieli: | Vietnamese |
| Aiheet: | |
| Tagit: |
Lisää tagi
Ei tageja, Lisää ensimmäinen tagi!
|
| Thư viện lưu trữ: | Thư viện Trường Đại học Đà Lạt |
|---|
| LEADER | 00876nam a2200289 4500 | ||
|---|---|---|---|
| 001 | DLU180184932 | ||
| 005 | ##20180516 | ||
| 040 | # | # | |a DLU |b vie |
| 041 | # | # | |a vie |
| 044 | # | # | |a vn |
| 100 | # | # | |a Bùi Thị Thảo |
| 245 | # | # | |a Nhân tố Hoa Kỳ trong chính sách quốc phòng - an ninh của Việt Nam hiện nay (2001 - 2016) / |c Bùi Thị Thảo. |
| 653 | # | # | |a An ninh quốc phòng |
| 653 | # | # | |a Hoa Kỳ |
| 653 | # | # | |a Hoạch định chính sách |
| 653 | # | # | |a Quan hệ song phương |
| 653 | # | # | |a Việt Nam |
| 773 | # | # | |t Nghiên cứu Đông Nam Á |g Số 8, 2016, tr. 14-23 |
| 920 | # | # | |a Phòng Tạp chí -- Trung tâm Thông tin - Thư viện Trường Đại học Đà Lạt |
| 994 | # | # | |a DLU |
| 900 | # | # | |a True |
| 911 | # | # | |a Hoàng Thị Huyền |
| 925 | # | # | |a G |
| 926 | # | # | |a A |
| 927 | # | # | |a BB |
| 980 | # | # | |a Thư viện Trường Đại học Đà Lạt |